| 000 -ლიდერი |
| ფიქსირებული სიგრძის საკონტროლო ველი |
01519nam a2200289Ia 4500 |
| 001 - საკონტროლო ნომერი |
| საკონტროლო ველი |
17017 |
| 003 - საკონტროლო ნომრის იდენტიფიკატორი |
| საკონტროლო ველი |
GE_BSU |
| 005 - ბოლო ოპერაციის თარიღი და დრო |
| საკონტროლო ველი |
20200203152329.0 |
| 008 - ფიქსირებული სიგრძის მონაცემთა ელემენტები - ზოგადი ინფორმაცია |
| ფიქსირებული სიგრძის საკონტროლო ველი |
181216s2015ge xx |||||||||||||| ||geo|| |
| 020 ## - წიგნის საერთაშორისო სტანდარტული ნომერი |
| International Standard Book Number |
9789941939396 |
| 040 ## - კატალოგიზაციის წყარო |
| Transcribing agency |
GE_BSU |
| 041 ## - ენის კოდი |
| Language code of text/sound track or separate title |
geo |
| 080 ## - უნივერსალური ათობითი კლასიფიკაციის ინდექსი |
| Universal Decimal Classification number |
821.353.1-1 ლ-83 |
| 100 ## - მთავარი ჩანაწერი - პიროვნების სახელი |
| Personal name |
ლონდარიძე, შ. (შალვა) |
| 9 (RLIN) |
6702 |
| 245 ## - ცნობა სათაურის შესახებ |
| Title |
სულის თარგმანები : |
| Remainder of title |
[ლექსები] / |
| Statement of responsibility, etc |
შ.ლონდარიძე ; რედ : მაია მიქაია ; ნათელა აბაზაძე ; წინასიტყვ. თემურ ჩალაბაშვილი მხატვ. ვასილ ბოსტაშვილი ; ფოტო ვაჩე რაინდელი. |
| 264 ## - წარმოების, გამოცემის, დისტრიბუციის და სხვა ცნობები |
| გამოცემის, წარმოების, დისტრიბუციის... ადგილი |
თბილისი : |
| გამოცემის, წარმოების, დისტრიბუციის... სახელწოდება |
კალმოსანი, |
| გამოცემის, წარმოების, დისტრიბუციის... თარიღი |
2015. |
| 300 ## - ფიზიკური აღწერა |
| Extent |
204 გვ. ; |
| Dimensions |
20 სმ. |
| 653 ## - INDEX TERM--UNCONTROLLED |
| Uncontrolled term |
[ლექსები] |
| 653 ## - INDEX TERM--UNCONTROLLED |
| Uncontrolled term |
პოეზია |
| 653 ## - INDEX TERM--UNCONTROLLED |
| Uncontrolled term |
სულის თარგმანები |
| 700 ## - ADDED ENTRY--PERSONAL NAME |
| Personal name |
მიქაია, მაია |
| Relator term |
რედაქტორი |
| 9 (RLIN) |
6703 |
| 700 ## - ADDED ENTRY--PERSONAL NAME |
| Personal name |
აბაზაძე , ნათელა |
| Relator term |
რედაქტორი |
| 9 (RLIN) |
6704 |
| 700 ## - ADDED ENTRY--PERSONAL NAME |
| Personal name |
ჩალაბაშვილი, თემურ |
| Relator term |
წინასიტყვ. |
| 9 (RLIN) |
6705 |
| 700 ## - ADDED ENTRY--PERSONAL NAME |
| Personal name |
ბოსტაშვილი, ვასილ |
| Relator term |
მხატვარი |
| 9 (RLIN) |
6706 |
| 700 ## - ADDED ENTRY--PERSONAL NAME |
| Personal name |
რაინდელი, ვაჩე |
| Relator term |
ფოტო |
| 9 (RLIN) |
6707 |
| 942 ## - ADDED ENTRY ELEMENTS (KOHA) |
| Koha item type |
წიგნი |
| Source of classification or shelving scheme |
|